000 00523 a2200217 4500
001 45248
020 _a9788508120741
041 _apor
090 _aJK 028
250 _a1. ed.
300 _a32 p.
490 _aJo-Ken-Po
697 _aLiteratura infanto-juvenil
830 _aJo-Ken-Po
856 _u000026/00002672.jpg
040 _aBR-BrIDEA
_cBR-BrIDEA
100 _aPrieto, Heloisa
_d1954
245 1 0 _aA dona da bola e a dona da história
_c Heloisa Prieto
260 _a[S.l.]
_bÁtica
_c2009
942 _cBK
999 _c45248
_d45248